Normal view
MARC view
- المجتمع المدني - الديمقراطية - التنمية الاجتماعية - البلدان العربية
Entry Topical Term
001 - CONTROL NUMBER
- control field: 45291
003 - CONTROL NUMBER IDENTIFIER
- control field: JO-AjAnu
005 - DATE AND TIME OF LATEST TRANSACTION
- control field: 20230606081507.0
008 - FIXED-LENGTH DATA ELEMENTS
- fixed length control field: 230606|| aca||aabn | a|a d
040 ## - CATALOGING SOURCE
- Original cataloging agency: JO-AjAnu
- Transcribing agency: JO-AjAnu
150 ## - HEADING--TOPICAL TERM
- Topical term or geographic name entry element: المجتمع المدني - الديمقراطية - التنمية الاجتماعية - البلدان العربية
670 ## - SOURCE DATA FOUND
- Source citation: Work cat.: (JO-AjAnu)23188: الجنحاني، الحبيب, author 45290, المجتمع المدني والتحول الديمقراطي في الوطن العربي